000 01368nam0a2200361 4500
001 RU\NLR\BIBL_A\012367959
005 20251110100517.0
010 _a978-5-907274-48-8
_91000
021 _aRU
_bКН-П-20-032254
_9КН-П-20-2472
035 _a(NLR Aleph) 012367959
035 _a(RuMoRGB)010354268
090 _a11562393
_c11562393
100 _a20201002d2020 d y0rusy50 ca
101 0 _arus
102 _aRU
105 _aac z 000zy
181 0 _ai
_baxxe
182 0 _an
200 1 _aАрман - команда мечты
_f[Жаннат Идрисова]
203 _aТекст
_bвизуальный
_cнепосредственный
210 _aМосква
_cИнтеллектуальная Литература
_d2020
215 _a139, [4] с., [4] л. цв. ил., портр.
_d22
300 _aАвт. указан перед вып. дан.
601 1 2 _a"Арман", компания
_cСанкт-Петербург, город
_xИстория
_92685169
_3RU\NLR\AUTH\6601762291
686 1 _aУ38(2)610.92(2-2СПб)
700 1 _aИдрисова
_bЖ.
_gЖаннат
711 0 2 _a"Арман", компания
_cСанкт-Петербург
_9717658
_3RU\NLR\AUTH\880528025
942 _cBOOK
980 _aNBR
980 _aNB